| 000 | 00739nam a2200217Ii 4500 | ||
|---|---|---|---|
| 003 | JO-AjNU | ||
| 008 | 230605s9999||||xx |||||||||||||| ||und|| | ||
| 017 | _a199/6/581 | ||
| 040 |
_aJO-AjNU _bara _erda _cJO-AjNU |
||
| 041 | _aara | ||
| 050 | 1 | 4 | _aQP34.5.T4288 1996 |
| 100 | 3 |
_aطبيشات ، محمد عايد، م .مشارك قاسم محمد الكوفحي , _eauthor _937734 |
|
| 245 | 0 | 0 | _aالسلوك البيولوجي للانسان |
| 250 | _aط3 | ||
| 264 | 3 | 1 | _aاربد:مؤسسة غانم ، 1996 |
| 300 | _a196ص | ||
| 336 |
_atext _btxt _2rdacontent |
||
| 337 |
_aunmediated _bn _2rdamedia |
||
| 338 |
_avolume _bnc _2rdacarrier |
||
| 650 | 4 |
_aأنثروبولوجيا إجتماعية -سلوك-انشان _937735 |
|
| 999 |
_aA15793 _c19361 _d19361 |
||